La teogonía /

Kaydedildi:
Detaylı Bibliyografya
Yazar: Hesíodo (autor)
Diğer Yazarlar: Segalá y Estalella, Luis (versión) (versión)
Materyal Türü: Kitap
Dil:İspanyolca
Konular:
Etiketler: Etiketle
Etiket eklenmemiş, İlk siz ekleyin!

MARC

LEADER 00000nam^a2200000^a^4500
001 000362558
005 20250526000000.0
009 20260310115524.352
037 |a Acervo Xavier Clavigero 
041 |a ESP 
082 |a 883.  |b HES 
100 |a Hesíodo  |e (autor) 
240 1 1 |a [Teogonía, de Hesíodo] 
245 1 3 |a La teogonía /  |c Hesíodo ; versión de L. Segalá y Estalella. 
264 |a Barcelona, España :  |b Tipografía La Académica,  |c 1910 
300 |a 95 p. ;  |c 28.0 cm. 
336 |a texto  |b txt  |2 rdacontenido 
337 |a sin mediación  |b n  |2 rdamedio 
338 |a volumen  |b nc  |2 rdasoporte 
545 0 |a Aunque no se conoce con exactitud las fechas en que vivió el poeta griego Hesíodo, se sabe que su vida ronda en el año 700 a.C. y que fue contemporáneo de Homero. De origen campesino, sus obras fueron sostén de la cultura y la mitología griega clásica y ejercerían como piezas organizadoras de una diversidad de tradiciones. Aunque se le atribuyen obras de carácter adivinatorio, se ha confirmado la autoría de al menos sus dos poemas principales: Teogonía y Los trabajos y los días. La primera reside en una genealogía de los dioses y una representación de la historia del cosmos; la segunda consiste en un tratado moral sobre el trabajo y la rectitud. En ambas se observa una representación poética de las fuerzas que actúan sobre el mundo y que establecen una moralidad que trae justicia y paz, que impone el orden sobre el caos. 
546 |a Edición bilingüe español-griego 
561 |a Ex libris de Bibl. Magnopontanae Domus Scti. Ioseph. 
561 |a Ex libris de Josefina B. Vda. Legalá 
649 |a XX 
650 |a Dioses en la Literatura 
650 |a Poesía Epica Griega 
650 |a Poesía Clásica 
650 |a Poesía Griega 
650 |a Literatura Epica Griega 
650 |a Literatura Clásica 
650 |a Literatura Griega 
650 |a Cosmogonía -  |z Grecia -  |x Historia Antigua 
650 |a Mitología Clásica 
650 |a Mitología Griega 
700 |a Segalá y Estalella, Luis  |e (versión) 
910 |a Fondo General 
920 |a Impresos - Libros 
930 |a Libros Antiguos y Raros 
940 |a Literatura 
905 |a 108 
901 |a 060598  |b IT2  |c LRA  |u 20250526 
902 |a https://opac.biblio.iteso.mx/vufind/Record/000362558